| 000 | 00714nam a2200205 a 4500 | ||
|---|---|---|---|
| 003 | 0 | ||
| 005 | 20250313093702.0 | ||
| 008 | 080723s19uu xx 00 eng d | ||
| 050 |
_aPGS BF 723.B5 _b.Is85 2008 |
||
| 100 | _aIsooka, Miko O. | ||
| 245 |
_aBirth order and study habits / _cMiko O. Isooka. |
||
| 260 |
_aLas PiƱas City, Philippines : _bSouthville International School and Colleges, _c2008. |
||
| 300 |
_a31 pages : _billustrations ; _c28 cm. |
||
| 504 | _a Includes bibliographic references. | ||
| 650 |
_aBirth order _vPsychological aspects. |
||
| 650 | _aStudy skills. | ||
| 650 |
_aAcademic achievement _vPsychological aspects. |
||
| 650 |
_a Students _vAttitudes. |
||
| 942 |
_2lcc _cPASS |
||
| 999 |
_c97915 _d97915 |
||